SCTV Cast Members Quiz Stats

 Plays Quiz Updated Jan 15, 2014

     
Support Sporcle.
Go Orange.
Score 0/11 Timer 03:00
0 Plays Today
Recurring Character Cast Member % Correct
Johnny LaRueJohn Candy
90.1%
Ed GrimleyMartin Short
78.3%
Bob McKenzieRick Moranis
73.4%
Earl CamembertEugene Levy
62.8%
Doug McKenzieDave Thomas
60.1%
Lola HeathertonCatherine O'Hara
56.3%
Edith PrickleyAndrea Martin
52.7%
Count FloydJoe Flaherty
41.7%
Moe GreenHarold Ramis
27.7%
Molly EarlRobin Duke
18%
Marcello SebastianoTony Rosato
14.2%

From the Vault

Complete the Map Snippet VI

by t_rev19

If we collect enough snippets and wrap them around a basketball does it become a globe?
Remove Ads.
Support Sporcle.
Get the best of Sporcle when you Go Orange. This ad-free experience offers more features, more stats, and more fun while also helping to support Sporcle. Thank you for becoming a member.

Show Comments

Extras

Top Quizzes Today


Score Distribution

Your Account Isn't Verified!

In order to create a playlist on Sporcle, you need to verify the email address you used during registration. Go to your Sporcle Settings to finish the process.

Report this User

Report this user for behavior that violates our Community Guidelines.

Details: